La vid en México : datos estadísticos /

Guardado en:
Autor Principal: Teliz , Daniel.
Formato: Libro
Idioma:Spanish
Publicado: Chapingo : Colegio de Postgraduados, 1982.
Etiquetas: Agregar Etiqueta
Sin Etiquetas, Sea el primero en etiquetar este registro!
LEADER 00439nam a22001335a 4500
001 EEA.libagro004263
005 20190314131154.0
008 130809s1982####ME#a##########000#0#spa#d
082 0 4 |a 634.80972 
100 1 |a Teliz , Daniel. 
245 1 3 |a La vid en México :  |b datos estadísticos /  |c Daniel Teliz. 
260 |a Chapingo :  |b Colegio de Postgraduados,  |c 1982. 
300 |a 321 p :  |b il. ;  |c 21 cm. 
859 |a AR-BbBCA  |b BIB. AGRONOMIA  |h 634.80972  |i T272  |p 1990/1504